<?xml version="1.0" encoding="UTF-8"?>
<record
    xmlns:xsi="http://www.w3.org/2001/XMLSchema-instance"
    xsi:schemaLocation="http://www.loc.gov/MARC21/slim http://www.loc.gov/standards/marcxml/schema/MARC21slim.xsd"
    xmlns="http://www.loc.gov/MARC21/slim">

  <leader>00534nam a22001577a 4500</leader>
  <controlfield tag="003">OSt</controlfield>
  <controlfield tag="005">20151030163605.0</controlfield>
  <controlfield tag="008">151030b        xxu||||| |||| 00| 0 eng d</controlfield>
  <datafield tag="040" ind1=" " ind2=" ">
    <subfield code="c">RUA</subfield>
  </datafield>
  <datafield tag="082" ind1=" " ind2=" ">
    <subfield code="a">ATM.s CHH 2004 B057 Or.1</subfield>
  </datafield>
  <datafield tag="100" ind1=" " ind2=" ">
    <subfield code="9">3079</subfield>
    <subfield code="a">CHHOEUN, PONLEU.</subfield>
  </datafield>
  <datafield tag="245" ind1=" " ind2=" ">
    <subfield code="a">Agricultural development in periphery of siem reap, &#x1780;&#x17B6;&#x179A;&#x17A2;&#x1797;&#x17B7;&#x179C;&#x178C;&#x17D2;&#x178D;&#x1793;&#x17CD;&#x1780;&#x179F;&#x17B7;&#x1780;&#x1798;&#x17D2;&#x1798; &#x1787;&#x17BB;&#x17C6;&#x179C;&#x17B7;&#x1789;&#x1791;&#x17B8;&#x1780;&#x17D2;&#x179A;&#x17BB;&#x1784;&#x179F;&#x17C0;&#x1798;&#x179A;&#x17B6;&#x1794;</subfield>
  </datafield>
  <datafield tag="260" ind1=" " ind2=" ">
    <subfield code="a">Phnom Penh</subfield>
    <subfield code="b">RUA</subfield>
    <subfield code="c">2004</subfield>
  </datafield>
  <datafield tag="300" ind1=" " ind2=" ">
    <subfield code="a">48p.</subfield>
    <subfield code="b">ill.</subfield>
    <subfield code="c">29cm.</subfield>
  </datafield>
  <datafield tag="942" ind1=" " ind2=" ">
    <subfield code="2">ddc</subfield>
    <subfield code="c">ATMSP</subfield>
  </datafield>
  <datafield tag="999" ind1=" " ind2=" ">
    <subfield code="c">2869</subfield>
    <subfield code="d">2869</subfield>
  </datafield>
  <datafield tag="952" ind1=" " ind2=" ">
    <subfield code="0">0</subfield>
    <subfield code="1">0</subfield>
    <subfield code="2">ddc</subfield>
    <subfield code="4">0</subfield>
    <subfield code="6">ATM__S_CHH_2004_000000000000000_B057_OR_1</subfield>
    <subfield code="7">0</subfield>
    <subfield code="9">13915</subfield>
    <subfield code="a">LBB</subfield>
    <subfield code="b">LBB</subfield>
    <subfield code="c">B057</subfield>
    <subfield code="d">2015-10-30</subfield>
    <subfield code="o">ATM.s CHH 2004 B057 Or.1</subfield>
    <subfield code="p">RUA001821</subfield>
    <subfield code="r">2015-10-30</subfield>
    <subfield code="w">2015-10-30</subfield>
    <subfield code="y">ATMSP</subfield>
  </datafield>
  <datafield tag="952" ind1=" " ind2=" ">
    <subfield code="0">0</subfield>
    <subfield code="1">0</subfield>
    <subfield code="2">ddc</subfield>
    <subfield code="4">0</subfield>
    <subfield code="6">ATM__S_CHH_2004_000000000000000_B057_OR_2</subfield>
    <subfield code="7">0</subfield>
    <subfield code="9">13916</subfield>
    <subfield code="a">LBB</subfield>
    <subfield code="b">LBB</subfield>
    <subfield code="c">B057</subfield>
    <subfield code="d">2015-10-30</subfield>
    <subfield code="l">1</subfield>
    <subfield code="o">ATM.s CHH 2004 B057 Or.2</subfield>
    <subfield code="p">RUA001692</subfield>
    <subfield code="r">2016-08-03</subfield>
    <subfield code="s">2016-07-15</subfield>
    <subfield code="w">2015-10-30</subfield>
    <subfield code="y">ATMSP</subfield>
  </datafield>
  <datafield tag="952" ind1=" " ind2=" ">
    <subfield code="0">0</subfield>
    <subfield code="1">0</subfield>
    <subfield code="2">ddc</subfield>
    <subfield code="4">0</subfield>
    <subfield code="6">ATM__S_CHH_2004_000000000000000_B057_OR_3</subfield>
    <subfield code="7">0</subfield>
    <subfield code="9">36386</subfield>
    <subfield code="a">LBB</subfield>
    <subfield code="b">LBB</subfield>
    <subfield code="d">2016-01-26</subfield>
    <subfield code="o">ATM.s CHH 2004 B057 Or.3</subfield>
    <subfield code="p">RUA038027</subfield>
    <subfield code="r">2016-01-26</subfield>
    <subfield code="w">2016-01-26</subfield>
    <subfield code="y">ATMSP</subfield>
  </datafield>
</record>
